00720nam a22002057a 45000010005000000030006000050050017000110080041000280400027000690500016000960820008001121000030001202450045001502600037001953000042002325050007002745200199002815210017004807000017004973587FISKH20240321145444.0240321b cb ||||| |||| 00| 0 eng d aFISKbeng cFISKdFISK aPZ7.L58474  a813 aLewis C. S. d1898-1963  aThe magician's nephew / c bC. S. Lewis aNew York : bScholastic, c1995  a202 pages : billustrations, c20 cm  aM  aWhen Digory and Polly try to return the wicked witch Jadis to her own world, the magic gets mixed up and they all land in Narnia where they witness Aslan blessing the animals with human speech. 8 a790 bLexile aC. S. Lewis